Sports Quiz

Random Sports or Rugby Quiz

Lost to England at Rugby Union Quiz Stats

 Plays Quiz not verified by Sporcle

Challenge
Share
Tweet
Embed
Score 0/21 Timer 03:00
0 Plays Today
% Correct
Australia
96.9%
France
96.8%
Argentina
95.8%
New Zealand
95.7%
Italy
95.3%
Ireland
94.8%
Scotland
94.6%
South Africa
94.4%
Fiji
94.1%
Canada
92.2%
Wales
91.8%
% Correct
Samoa
91.7%
USA
89.3%
Japan
88.4%
Georgia
85.5%
Tonga
84.6%
Romania
84.1%
Uruguay
80.9%
New Zealand Maori
72.1%
Pacific Islanders
64.2%
Netherlands
29.2%

You're not logged in!

Compare scores with friends on all Sporcle quizzes.
Join for Free
OR
Log In

You Might Also Like...

Show Comments

Extras

Top Quizzes Today


Score Distribution

Your Account Isn't Verified!

In order to create a playlist on Sporcle, you need to verify the email address you used during registration. Go to your Sporcle Settings to finish the process.

Report this User

Report this user for behavior that violates our Community Guidelines.

Details: